| 000 | 00448nam a22001457a 4500 | ||
|---|---|---|---|
| 003 | OSt | ||
| 082 |
_a631.587 _bSUB/GI |
||
| 088 | _a T 530 | ||
| 100 |
_aSubhasree, N _95140 |
||
| 245 | _aGIS Integrated site -specific Fertigation Recommendations for Instructional farm , KCAET .Tavanur | ||
| 260 |
_aKCAET , Tavanur _bDepartment of irrigation and Drainage engineering _c2021 |
||
| 300 | _a84 pages | ||
| 700 |
_aSajeena , guide _95141 |
||
| 942 | _cTH | ||
| 999 |
_c17489 _d17489 |
||